| Tag |
First Indicator |
Second Indicator |
Subfields |
| LEADER |
00000cam a22000004a 4500 |
| 001 |
in00001639430 |
| 005 |
20151023075941.0 |
| 008 |
010625s2001 ne a b 001 0 eng |
| 010 |
|
|
|a 2001038288
|
| 020 |
|
|
|a 0792371097 (alk. paper)
|
| 035 |
|
|
|a (OCoLC)ocm47240771
|
| 040 |
|
|
|a DLC
|c DLC
|d C#P
|d UtOrBLW
|
| 042 |
|
|
|a pcc
|
| 049 |
|
|
|a TXAM
|
| 050 |
0 |
0 |
|a TK5102.9
|b .S369 2001
|
| 082 |
0 |
0 |
|a 621.382/2
|2 21
|
| 100 |
1 |
|
|a Schobben, Daniel W. E.
|
| 245 |
1 |
0 |
|a Real-time adaptive concepts in acoustics :
|b blind signal separation and multichannel echo cancellation /
|c by Daniel W.E. Schobben.
|
| 264 |
|
1 |
|a Dordrecht ;
|a Boston :
|b Kluwer Academic Publishers,
|c [2001]
|
| 264 |
|
4 |
|c ©2001
|
| 300 |
|
|
|a xii, 160 pages :
|b illustrations ;
|c 25 cm. +
|e 1 CD-ROM (4 3/4 in.)
|
| 336 |
|
|
|a text
|b txt
|2 rdacontent
|
| 337 |
|
|
|a unmediated
|b n
|2 rdamedia
|
| 338 |
|
|
|a volume
|b nc
|2 rdacarrier
|
| 500 |
|
|
|a CD-ROM includes both audio tracks and Matlab files.
|
| 504 |
|
|
|a Includes bibliographical references (pages 153-157) and index.
|
| 650 |
|
0 |
|a Adaptive signal processing.
|
| 650 |
|
0 |
|a Echo suppression (Telecommunication)
|
| 945 |
|
|
|i PromptCat
|
| 948 |
|
|
|a cataloged
|b h
|c 2001/10/8
|d c
|e mphillip
|f 2:05:26 pm
|
| 994 |
|
|
|a 92
|b TXA
|
| 999 |
|
|
|a MARS
|
| 999 |
f |
f |
|s 463ca3f8-a204-3ca6-88fb-ecdf651d3d2f
|i fbb36c44-bc51-330c-a7c1-1d20ab2a33d5
|t 0
|
| 952 |
f |
f |
|p ric
|a Texas A&M University
|b Rellis Campus
|c Joint Library Facility
|d Remote Storage
|t 0
|e TK5102.9 .S369 2001
|h Library of Congress classification
|i unmediated -- volume
|m A14828100415
|
| 998 |
f |
f |
|a TK5102.9 .S369 2001
|t 0
|l Remote Storage
|